| 000 -LEADER |
| fixed length control field |
01172cam a22002414a 4500 |
| 005 - DATE AND TIME OF LATEST TRANSACTION |
| control field |
20131029104353.0 |
| 008 - FIXED-LENGTH DATA ELEMENTS--GENERAL INFORMATION |
| fixed length control field |
030109s2004 mdua b 001 0 eng |
| 020 ## - INTERNATIONAL STANDARD BOOK NUMBER |
| International Standard Book Number |
084769500X |
| 020 ## - INTERNATIONAL STANDARD BOOK NUMBER |
| International Standard Book Number |
0847695018 |
| 041 0# - LANGUAGE CODE |
| Language code of text/sound track or separate title |
eng |
| 080 ## - UNIVERSAL DECIMAL CLASSIFICATION NUMBER |
| Universal Decimal Classification number |
304 |
| 100 1# - Rafti |
| Rafti |
Pirages, Dennis. |
| 245 10 - TITLE STATEMENT |
| Title |
Ecological security : |
| Statement of responsibility, etc |
Dennis Clark Pirages, Theresa Manley DeGeest. |
| 260 ## - |
| -- |
Lanham : |
| -- |
Rowman & Littlefield, |
| -- |
c2004. |
| 300 ## - |
| -- |
ix, 285 p. : |
| -- |
ill. ; |
| -- |
24 cm. |
| 504 ## - BIBLIOGRAPHY, ETC. NOTE |
| Bibliography, etc |
Includes bibliographical references (p. 233-272) and index. |
| 505 0# - |
| -- |
From international to global relations -- Demographic change and ecological insecurity -- An assault on the global commons -- Global energy politics: cycles of insecurity -- The political economy of feast and famine -- Globalization and biosecurity -- Technology and ecological security -- Ecologically secure development -- Governance and ecological security. |
| 650 #0 - |
| -- |
Ekonologjia humane |
| 650 #0 - |
| -- |
Globalizimi |
| 700 1# - |
| -- |
DeGeest, Theresa Manley, |
| -- |
1968- |
| 856 41 - |
| -- |
Table of contents |
| -- |
http://www.loc.gov/catdir/toc/fy042/2003000431.html |
| 942 ## - ADDED ENTRY ELEMENTS (KOHA) |
| Source of classification or shelving scheme |
|
| Item type |
Books |